| 000 | 00510nam a2200157 4500 | ||
|---|---|---|---|
| 001 | 139664 | ||
| 003 | ES-MaACL | ||
| 005 | 20230906195852.0 | ||
| 007 | t| | ||
| 008 | 070214q1933 ag r ||||1| spa d | ||
| 100 | 1 |
_aSchianca, Arturo C. _9104329 |
|
| 245 | 1 | 0 |
_aHistoria de la música argentina _b: origen y características / _cpor el prof. Arturo C. Schianca. |
| 260 |
_aBuenos Aires : _b[s. n., _c1933?] ( _fEstablecimiento Gráfico Argentino) |
||
| 300 |
_a202 p. ; _c22 cm. |
||
| 852 |
_aES-MaACL _jA-3987 |
||
| 999 |
_c139664 _d139664 |
||